000 00639nam a2200277Ia 4500
005 20260324133031.0
008 008 260324s9999 xx 000 0 eng d
020 _a9780203644485
037 _aEBOOK
040 _aCRL
040 _beng
040 _cCRL
041 _2eng
041 _aeng
084 _qCRL
100 _aGerard C. Wertkin
_91191545
245 0 _aEncyclopedia of American Folk Art
260 _bTaylor and Francis
260 _c2004
365 _a
365 _b420
856 _uhttp://www.taylorfrancis.com/books/9780203644485
942 _cEBOOK
999 _c1790216
_d1790216